Trouvez le pilote de formule 1 - Statistiques

Statistiques générales
  • Ce quiz a été pris 311 fois
  • Le résultat moyen est 7 sur 10
Statistiques - réponses
Par images Réponse % Correct
Yuki Tsunoda
98%
Romain Grosjean
92%
Felipe Massa
85%
Nyck de Vries
82%
Jenson Button
69%
Antonio Giovinazzi
65%
Daniil Kvyat
62%
Alberto Ascari
53%
Pastor Maldonado
39%
Kamui Kobayashi
36%
Aucun quiz correspondant
Distribution des résultats
% des personnes avec chaque résultat
Percentile par nombre de réponses
Votre historique - résultats
Vous n’avez pas pris ce quiz